[Event "COL-ch"]
[Site "Palmira"]
[Date "2017.05.18"]
[Round "5"]
[White "Segura, Armando"]
[Black "Blandon Villa, Diego F"]
[Result "1/2-1/2"]
[WhiteElo "2079"]
[BlackElo "2263"]
[PlyCount "61"]
[EventDate "2017.05.15"]
[EventType "swiss"]
[EventRounds "10"]
[EventCountry "COL"]
[SourceTitle "CBM 178 Extra"]
[Source "ChessBase"]
[SourceDate "2017.06.22"]
[SourceVersion "1"]
[SourceVersionDate "2017.06.22"]
[SourceQuality "1"]

1. d4 Nf6 2. Bf4 g6 3. Nc3 Bg7 4. Qd2 c5 5. d5 Qa5 6. e4 d6 7. f3 a6 8. Bh6 Bxh6 9. Qxh6 b5 10. Qd2 Nbd7 11. Nd1 Qxd2+ 12. Kxd2 e6 13. dxe6 fxe6 14. a4 b4 15. Ne3 Bb7 16. Re1 0-0-0 17. Nh3 Rhe8 18. Nc4 Kc7 19. Kc1 d5 20. e5 dxc4 21. exf6 Bd5 22. f7 Re7 23. Nf4 Kd6 24. Nxd5 exd5 25. Rd1 Kc6 26. b3 Rxf7 27. bxc4 d4 28. Bd3 Nb6 29. a5 Na4 30. Rde1 Nc3 31. h4 1/2-1/2

[Event "COL-ch"]
[Site "Palmira"]
[Date "2017.05.17"]
[Round "4"]
[White "Mateus Urbano, Luis Alejandro"]
[Black "Segura, Armando"]
[Result "1/2-1/2"]
[WhiteElo "2234"]
[BlackElo "2079"]
[PlyCount "78"]
[EventDate "2017.05.15"]
[EventType "swiss"]
[EventRounds "10"]
[EventCountry "COL"]
[SourceTitle "CBM 178 Extra"]
[Source "ChessBase"]
[SourceDate "2017.06.22"]
[SourceVersion "1"]
[SourceVersionDate "2017.06.22"]
[SourceQuality "1"]

1. d4 Nf6 2. c4 g6 3. Nc3 Bg7 4. e4 d6 5. Nf3 0-0 6. h3 e5 7. d5 a5 8. g4 Na6 9. Be3 Nc5 10. Nd2 Ne8 11. Rg1 f5 12. gxf5 gxf5 13. Bxc5 dxc5 14. Qc2 Kh8 15. 0-0-0 Nd6 16. Bd3 Bd7 17. Rg2 Qh4 18. Rdg1 Bh6 19. Kb1 Bxd2 20. Qxd2 fxe4 21. Bc2 Rg8 22. Qe3 b6 23. Nxe4 Bf5 24. Nd2 Bxc2+ 25. Kxc2 Nxc4 26. Qc3 Rxg2 27. Rxg2 b5 28. b3 Na3+ 29. Kb2 Qf4 30. Rg4 b4 31. Qe3 Qxe3 32. fxe3 Rd8 33. e4 Rf8 34. Rg5 Rf2 35. Kc1 c4 36. bxc4 a4 37. c5 Rh2 38. Kd1 Rh1+ 39. Ke2 Rh2+ 1/2-1/2

[Event "COL-ch"]
[Site "Palmira"]
[Date "2017.05.16"]
[Round "3"]
[White "Segura, Armando"]
[Black "Morales, Jhon Alexander"]
[Result "0-1"]
[WhiteElo "2079"]
[BlackElo "2351"]
[PlyCount "80"]
[EventDate "2017.05.15"]
[EventType "swiss"]
[EventRounds "10"]
[EventCountry "COL"]
[SourceTitle "CBM 178 Extra"]
[Source "ChessBase"]
[SourceDate "2017.06.22"]
[SourceVersion "1"]
[SourceVersionDate "2017.06.22"]
[SourceQuality "1"]

1. d4 d6 2. e4 Nf6 3. Nc3 c6 4. Nf3 Bg4 5. h3 Bh5 6. Bd3 e6 7. 0-0 d5 8. exd5 cxd5 9. Bf4 Nc6 10. Be2 Bxf3 11. Bxf3 Bd6 12. Bxd6 Qxd6 13. Nb5 Qd7 14. c3 0-0 15. Re1 Rfc8 16. Na3 Rab8 17. Nc2 Na5 18. Be2 Nc4 19. Bxc4 Rxc4 20. Ne3 Rcc8 21. Ng4 Nxg4 22. Qxg4 b5 23. Rac1 a5 24. Qf4 Rb6 25. h4 Rbc6 26. h5 h6 27. Re3 Qc7 28. Qg4 Kh8 29. f4 Qd7 30. Rg3 Rg8 31. Rf3 f5 32. Qh4 b4 33. Qe1 Rgc8 34. Re3 a4 35. Rb1 a3 36. bxa3 bxc3 37. Rc1 Qa7 38. Rxe6 Qxd4+ 39. Kh1 Rxe6 40. Qxe6 Qc4 0-1

[Event "Valle Region-ch"]
[Site "Cali"]
[Date "2012.03.17"]
[Round "3.4"]
[White "Segura, Armando"]
[Black "Narvaez, Zamir Alexis"]
[Result "1/2-1/2"]
[WhiteElo "2079"]
[BlackElo "2174"]
[PlyCount "64"]
[EventDate "2012.03.16"]
[EventType "swiss"]
[EventRounds "7"]
[EventCountry "COL"]
[SourceTitle "EXT 2024"]
[Source "ChessBase"]
[SourceDate "2023.10.10"]
[SourceVersion "1"]
[SourceVersionDate "2023.10.10"]
[SourceQuality "1"]

1. e4 c5 2. Nf3 e6 3. d4 cxd4 4. Nxd4 Nc6 5. Nc3 a6 6. Be3 Qc7 7. Qf3 Nf6 8. Qg3 Qxg3 9. hxg3 Ng4 10. Nxc6 Nxe3 11. Nd4 Nxf1 12. Rxf1 b5 13. 0-0-0 Bb7 14. Rfe1 Bb4 15. Rd3 Rc8 16. a3 Ba5 17. b4 Bb6 18. Kb2 0-0 19. f3 Rc4 20. Red1 Rfc8 21. Nde2 d5 22. exd5 exd5 23. R1d2 a5 24. Nxd5 Bxd5 25. Rxd5 axb4 26. Nd4 bxa3+ 27. Kxa3 Ba5 28. Rd3 Bb4+ 29. Kb3 Bc3 30. Nc6 Bf6 31. Nd4 g6 32. g4 b4 1/2-1/2